00851cam a22002531 45000010005000000030008000050050017000130080041000300350014000710400023000850410008001080820018001161000038001342450063001722500039002352600042002743000042003165040030003586500022003887000025004109420012004359990015004479520135004627965BD-RjUL20211208234513.0140116s1964 nyuac 001 0 eng d a(BD-RjUL) aDLCcDLCdDLCbeng aeng00a523bFIE 19641 aFisher, Clyde,d1878-1949.92485510aDr. Clyde Fisher's Exploring the heavens /cClyde Fishers. aRev., enl., and brought up to date aNew York :bT. Y. Crowell Co.cc1964. aix, 214 p. :billus., port. ;c22 cm. aBibliography: p. 191-193. 0aAstronomy.9247961 aDodson, R. S.924856 2ddccBK c7965d7965 00102ddc40718NFICaRUCLbRUCLcreadingd1966-06-23eAsia Foundationl0o523 FIE 1964r2014-01-16 00:00:00tC-1w2014-01-16yBK